Statistieken voor Among Us - Locaties The Skeld

Klik hier om de quiz te nemen!

Algemene statistieken

  • Deze quiz is 19 keer genomen
  • De gemiddelde score is 10 van 14

Antwoordstatistieken

Locatie% Correct
Admin
94%
Cafetaria
88%
Navigation
81%
Storage
81%
Medbay
75%
O2
75%
Weapons
75%
Electrical
69%
Reactor
69%
Shields
69%
Upper Engine
69%
Lower Engine
63%
Communications
56%
Security
56%

Scoreverdeling

Percentiel versus Aantal Correcte Antwoorden

Procent van Mensen met Elke Score

Uw Scoregeschiedenis

U heeft deze quiz nog niet genomen